| 000 | 00878cam a2200229 4500 | ||
|---|---|---|---|
| 001 | WB@3612-296 | ||
| 008 | 040722n2004 000 0 eng u | ||
| 035 | _a(Sirsi) u126904 | ||
| 245 | _aNew environment directive | ||
| 260 | _c2004 | ||
| 490 |
_aODPM News Release _v(2004/0176) 21 July 2004 (2) |
||
| 520 | _aRegulations on the EC Strategic Environment Assessment (SEA) Directive, which have just come into force, mean that authorities must consider the environmental effects when developing and planning a wide range of plans and programmes across the UK. http://www.odpm.gov.uk/pns/DisplayPN.cgi?pn_id=200 4_0176 | ||
| 590 | _aWB | ||
| 590 | _aWB | ||
| 650 | _aDIRECTIVE 2001/42/EC | ||
| 650 | _aEC DIRECTIVES | ||
| 650 | _aPLANNING GUIDANCE | ||
| 650 | _aPLANNING POLICY | ||
| 650 | _aSUSTAINABLE DEVELOPMENT | ||
| 690 |
_aENVIRONMENT _96238 |
||
| 942 | _n0 | ||
| 999 |
_c117756 _d117756 |
||